Sir John Moore's system of training, (Record no. 552565)
[ view plain ]
| 000 -LEADER | |
|---|---|
| fixed length control field | 00485cam a2200145u 4500 |
| 082 ## - DEWEY DECIMAL CLASSIFICATION NUMBER | |
| Classification number | 355.5 |
| Author Mark | FUL |
| 100 1# - MAIN ENTRY--PERSONAL NAME | |
| Personal name | Fuller, J. F. C. |
| 9 (RLIN) | 37121 |
| 245 00 - TITLE STATEMENT | |
| Title | Sir John Moore's system of training, |
| 260 ## - PUBLICATION, DISTRIBUTION, ETC. | |
| Place of publication, distribution, etc. | London, |
| Name of publisher, distributor, etc. | Hutchinson & co. |
| Date of publication, distribution, etc. | [1925] |
| 300 ## - PHYSICAL DESCRIPTION | |
| Extent | xiii p., 1 l., 17-255 p. incl. front. (port.) plates (part fold; incl. music) |
| Dimensions | 23 cm. |
| 526 ## - STUDY PROGRAM INFORMATION NOTE | |
| Program name | 0 |
| Interest level | 0 |
| Reading level | 0 |
| Title point value | 355_500000000000000_FUL |
| 650 #0 - SUBJECT ADDED ENTRY--TOPICAL TERM | |
| Topical term or geographic name entry element | MCE |
| 9 (RLIN) | 379 |
| 650 #0 - SUBJECT ADDED ENTRY--TOPICAL TERM | |
| Topical term or geographic name entry element | Military education |
| Geographic subdivision | Great Britain. |
| 9 (RLIN) | 49799 |
| 942 ## - ADDED ENTRY ELEMENTS (KOHA) | |
| Source of classification or shelving scheme | |
| Koha item type | Book |
| Withdrawn status | Lost status | Source of classification or shelving scheme | Damaged status | Not for loan | Permanent Location | Current Location | Date acquired | Total Checkouts | Full call number | Barcode | Date last seen | Price effective from | Koha item type |
|---|---|---|---|---|---|---|---|---|---|---|---|---|---|
| Military College of Engineering (MCE) | Military College of Engineering (MCE) | 01/19/2015 | 355.5 FUL | MCE-ECS/51 | 01/19/2015 | 01/19/2015 | Book |
